Pays à retrouver (suivant la logique) - Statistiques

Statistiques générales
  • Ce quiz a été pris 462 fois
  • Le résultat moyen est 11 sur 16
Statistiques - réponses
Réponse % Correct
Yémen
88%
Koweït
86%
Irak
81%
Honduras
75%
Laos
74%
Gabon
73%
Iran
73%
Ouganda
71%
Lesotho
69%
Chili
68%
Ukraine
61%
Djibouti
58%
Israël
52%
Equateur
47%
Liberia
47%
Sénégal
46%
Aucun quiz correspondant
Distribution des résultats
% des personnes avec chaque résultat
Percentile par nombre de réponses
Votre historique - résultats
Vous n’avez pas pris ce quiz